Varcarolis' foundations of psychiatric mental health nursing : a clinical approach.
Đã lưu trong:
| Tác giả khác: | , |
|---|---|
| Định dạng: | Sách |
| Ngôn ngữ: | English |
| Được phát hành: |
St. Louis, Mo. :
Elsevier,
c2014.
|
| Phiên bản: | 7th ed. / |
| Những chủ đề: | |
| Truy cập trực tuyến: | Visit NHRC Library |
| Các nhãn: |
Thêm thẻ
Không có thẻ, Là người đầu tiên thẻ bản ghi này!
|
| LEADER | 01847cam a2200385 a 4500 | ||
|---|---|---|---|
| 001 | 17679779 | ||
| 005 | 20220906184659.0 | ||
| 008 | 130328s2014 moua b 001 0 eng | ||
| 010 | |a 2013012893 | ||
| 020 | |a 9781455753581 (pbk. : alk. paper) | ||
| 035 | |a (DNLM)101605083 | ||
| 040 | |a DNLM/DLC |c DLC |d DLC | ||
| 042 | |a pcc | ||
| 050 | 0 | 0 | |a RC440 |b .F58 2014 |
| 060 | 1 | 0 | |a WY 160 |
| 082 | 0 | 0 | |a 616.89/0231 |2 23 |
| 245 | 0 | 0 | |a Varcarolis' foundations of psychiatric mental health nursing : |b a clinical approach. |
| 246 | 1 | |a Foundations of psychiatric mental health nursing | |
| 250 | |a 7th ed. / |b [edited by] Margaret Jordan Halter. | ||
| 260 | |a St. Louis, Mo. : |b Elsevier, |c c2014. | ||
| 300 | |a xxviii, 706 p. : |b col. ill. ; |c 28 cm. | ||
| 500 | |a Rev. ed. of: Foundations of psychiatric mental health nursing / [edited by] Elizabeth M. Varcarolis, Margaret Jordan Halter. 6th ed. c2010. | ||
| 504 | |a Includes bibliographical references and index. | ||
| 650 | 1 | 2 | |a Mental Disorders |x nursing. |9 765 |
| 650 | 2 | 2 | |a Psychiatric Nursing. |9 766 |
| 700 | 1 | |a Halter, Margaret J. |q (Margaret Jordan) |9 767 | |
| 700 | 1 | |a Varcarolis, Elizabeth M. |9 768 | |
| 730 | 0 | |a Foundations of psychiatric mental health nursing. |9 769 | |
| 856 | |u http://nhrc.org.np/contact |y Visit NHRC Library | ||
| 906 | |a 7 |b cbc |c orignew |d 1 |e ecip |f 20 |g y-gencatlg | ||
| 942 | |2 NLM |c BK | ||
| 952 | |0 0 |1 0 |2 NLM |4 0 |6 WY_160_000000000000000_HAL_2014 |7 0 |9 2643 |a NHRC |b NHRC |c CART |d 2017-04-02 |l 0 |o WY 160/HAL/2014 |p 002149 |r 2017-04-02 |w 2017-04-02 |y BK | ||
| 952 | |0 0 |1 0 |2 NLM |4 0 |6 WY_160_000000000000000_HAL_2014 |7 0 |9 2644 |a NHRC |b NHRC |c CART |d 2017-04-02 |l 0 |o WY 160/HAL/2014 |p 002148 |r 2017-04-02 |w 2017-04-02 |y BK | ||
| 952 | |0 0 |1 0 |2 NLM |4 0 |6 WY_160_000000000000000_HAL_2014 |7 0 |9 2645 |a NHRC |b NHRC |c CART |d 2017-04-02 |l 0 |o WY 160/HAL/2014 |p 002147 |r 2017-04-02 |w 2017-04-02 |y BK | ||
| 999 | |c 2491 |d 2491 | ||